000 01312nam2a22002531 4500
001 v19\rc\1879137
005 20251118180313.9
035 _a(NLR Aleph) 004968809
090 _a6062532
_c6062532
100 _a20080221d1910 u y0rusy50 ca
101 0 _arus
102 _aRU
105 _ay z |||||
200 0 _a... за 1909 год
210 _d1910
215 _a22 с.
461 0 _1001v19\rc\1879136
_12001#$aКраткий отчет о деятельности Совета Благотворительного кружка дам Николаевской инженерной академии и Училища...$v... за 1909 год
_96062524
_aНиколаевская инж.академия (Петербург). Благотворительный кружок дам Николаевской инж.академии и Училища
_cСанкт-Петербург
_d1910
_tКраткий отчет о деятельности Совета Благотворительного кружка дам Николаевской инженерной академии и Училища...
_v... за 1909 год
801 0 _aRU
_bNLR
_gpsbo
801 0 _aRU
_bRuMoRGB
_2psbo
801 1 _aRU
_bProSoft-M
_2rusmarc
852 _aNLR
_j18.157.4.21
899 _aRuMoRGB
_jU 33/566
942 _cBOOK
980 _aNB